It looks like you're offline.
Open Library logo
additional options menu

MARC Record from Scriblio

Record ID marc_records_scriblio_net/part27.dat:84416764:739
Source Scriblio
Download Link /show-records/marc_records_scriblio_net/part27.dat:84416764:739?format=raw

LEADER: 00739cam 2200229 a 4500
001 98034906
003 DLC
005 19990607082003.2
008 980706s1999 nyua 000 1 eng
010 $a 98034906
020 $a0446521361
040 $aDLC$cDLC$dDLC$dOCoLC$dDLC
050 00 $aPS3556.O756$bI55 1999
082 00 $a813/.54$221
100 1 $aFoster, Alan Dean,$d1946-
245 10 $aInto the thinking kingdoms /$cAlan Dean Foster.
260 $aNew York, NY :$bAspect/Warner Books,$cc1999.
300 $a376 p. :$bill. ;$c24 cm.
490 1 $a[Journeys of the catechist ;$vbk. 2]
500 $aSeries statement on jacket.
655 7 $aFantastic fiction.$2gsafd
800 1 $aFoster, Alan Dean,$d1946-$tJourneys of the catechist ;$vbk. 2.